000 00488nam a22001697a 4500
003 BD-ChCU
005 20260111094235.0
008 260111b bg ||||| |||| 00| 0 ben d
040 _cBD-ChCU
082 _a170.202 STP
100 _aSturt , Mary .
_918862
245 _aPractical ethics :
_ba sketch of the moral Structure of society ./
_cMary , Sturt .
260 _aLondon :
_bRoutledge & K. paul .
_cC 1949
300 _av , 369p.
650 0 _aEthics .
_918866
942 _2ddc
_cBK
_n0
999 _c110838
_d110838